Detalles MARC
| 000 -CABECERA |
| campo de control de longitud fija |
01669cam a2200313 i 4500 |
| 001 - NÚMERO DE CONTROL |
| campo de control |
15675 |
| 003 - IDENTIFICADOR DEL NÚMERO DE CONTROL |
| campo de control |
DO-SdUEMH |
| 005 - FECHA Y HORA DE LA ÚLTIMA TRANSACCIÓN |
| campo de control |
20260122135536.0 |
| 007 - CAMPO FIJO DE DESCRIPCIÓN FÍSICA--INFORMACIÓN GENERAL |
| campo de control de longitud fija |
ta |
| 008 - DATOS DE LONGITUD FIJA--INFORMACIÓN GENERAL |
| campo de control de longitud fija |
211105s2010 dr a|||gr|||| 000 0 spa|d |
| 020 ## - NÚMERO INTERNACIONAL ESTÁNDAR DEL LIBRO |
| Número Internacional Estándar del Libro |
9789945881202 |
| 040 ## - FUENTE DE LA CATALOGACIÓN |
| Centro catalogador/agencia de origen |
DO-SdUEMH |
| Lengua de catalogación |
spa |
| Normas de descripción |
rda |
| 041 ## - CÓDIGO DE LENGUA |
| Código de lengua del texto/banda sonora o título independiente |
spa |
| 082 14 - NÚMERO DE LA CLASIFICACIÓN DECIMAL DEWEY |
| Colección |
Colección Dominicana |
| Número de clasificación |
RD 324.297293 |
| Número de documento/Ítem |
D536 |
| 084 ## - OTRO NÚMERO DE CLASIFICACIÓN |
| Item number |
11-00152 |
| 100 ## - ENTRADA PRINCIPAL--NOMBRE DE PERSONA |
| Nombre de persona |
Benito Sánchez, Ana Belén |
| Término indicativo de función/relación |
autor |
| 110 ## - ENTRADA PRINCIPAL--NOMBRE DE ENTIDAD CORPORATIVA |
| Nombre de entidad corporativa o nombre de jurisdicción como elemento de entrada |
Agencia de los Estados Unidos para el Desarrollo Internacional (USAID) |
| 245 10 - MENCIÓN DE TÍTULO |
| Título |
Diagnóstico sobre la situación del sistema de partido en la República Dominicana (2005-2010) / |
| Mención de responsabilidad, etc. |
Ana Belén Benito Sánchez, Carmen Luisa Figueiras Prim, Wilfredo Lozano, Rotsay Rosales Valladares ; cuidado de la edición Manuel Ortega ; prologo: Roberto Cuéllar, José Thomson, Rafael Toribio |
| 260 ## - PUBLICACIÓN, DISTRIBUCIÓN, ETC. |
| Date of publication, distribution, etc. |
2010 |
| 264 01 - PRODUCCIÓN, PUBLICACIÓN, DISTRIBUCIÓN, FABRICACIÓN Y COPYRIGHT |
| Lugar de producción, publicación, distribución, fabricación |
Santo Domingo : |
| Nombre del de productor, editor, distribuidor, fabricante |
Programa de Formación y Gerencia Política CEGES-INTEC, |
| Fecha de producción, publicación, distribución, fabricación o copyright |
2010 |
| 300 ## - DESCRIPCIÓN FÍSICA |
| Extensión |
69 páginas ; |
| Otras características físicas |
ilustraciones |
| Dimensiones |
27 cm. |
| 336 ## - TIPO DE CONTENIDO |
| Fuente |
rdacontent |
| Término de tipo de contenido |
texto |
| Código de tipo de contenido |
txt |
| 337 ## - TIPO DE MEDIO |
| Fuente |
rdamedia |
| Nombre del tipo de medio |
sin mediación |
| Código del tipo de medio |
n |
| 338 ## - TIPO DE SOPORTE |
| Fuente |
rdacarrier |
| Nombre del tipo de soporte |
volumen |
| Código del tipo de soporte |
nc |
| 504 ## - NOTA DE BIBLIOGRAFÍA, ETC. |
| Nota de bibliografía, etc. |
Bibliografías en paginas 66 |
| 505 2# - NOTA DE CONTENIDO CON FORMATO |
| Nota de contenido con formato |
El diagnóstico: presentación y apuntes metodológicos -- El marco normativo -- Las reglas del juego interpartidario a nivel nacional -- Las reglas del juego intrapartidario -- La visión de los actores -- Valoración del proceso de institucionalización -- Valoración del proceso de democratización interna -- Valoración de la transparencia interna -- Principales cambios y continuidades en la estructura de la competencia del sistema de partidos dominicanos (1978-2010). |
| 942 ## - ELEMENTOS DE PUNTO DE ACCESO ADICIONAL (KOHA) |
| Fuente del sistema de clasificación o colocación |
Dewey Decimal Classification |
| Tipo de ítem Koha |
Libro |
| Suprimir en OPAC |
No |